Elenca la formazione - Quiz n°247 - Statistics

Statistiche generali
  • Questo quiz è stato fatto 36 volte
  • Il punteggio medio è 9 su 11
Statistiche sulle risposte
Ruolo Club dell'epoca Calciatore % Corretto
Portiere Bayern Monaco Manuel Neuer
97%
Centrocampista Juventus Sami Khedira
97%
Attaccante Fiorentina Mario Gómez
93%
Trequartista Arsenal Mesut Özil
90%
Difensore Bayern Monaco Jérôme Boateng
86%
Difensore Bayern Monaco Mats Hummels
86%
Attaccante Bayern Monaco Thomas Müller
86%
Centrocampista Real Madrid Toni Kroos
86%
Centrocampista Bayern Monaco Joshua Kimmich
69%
Difensore Schalke 04 Benedikt Höwedes
62%
Centrocampista Colonia Jonas Hector
34%
Nessun quiz corrispondente trovato
Distribuzione punteggi
Percentuale di utenti per punteggio
Percentile per numero di risposta
I tuoi punteggi nel tempo
Non hai fatto questo quiz